El sujeto activo en la acción pauliana: artículo 2468 del Código Civil

Збережено в:
Бібліографічні деталі
Автор: Carrera, Francisco (Автор)
Формат: Книга
Мова:Іспанська
Опубліковано: Santiago Chile 1935
Предмети:
Теги: Додати тег
Немає тегів, Будьте першим, хто поставить тег для цього запису!

MARC

LEADER 00000nam a2200000 a 4500
001 UCS1554
003 CL-VaPUC
008 970515e19350000CL |||||||||||||||||spa|d
082 0 4 |a 346.022  |b CAR  |2 21 
100 0 |a Carrera, Francisco  |e author  |9 386055 
245 1 3 |a El sujeto activo en la acción pauliana: artículo 2468 del Código Civil 
300 |a 74 p 
942 |c BK 
945 |d 19970515 00:00:00  |a cmena 
260 |a Santiago  |b Chile  |c 1935 
650 0 |a Derecho privado  |9 258243 
650 0 |a Derecho civil  |9 255013 
650 0 |a Contratos  |9 255153 
650 0 |a Negocio jurídico  |9 258242 
650 7 |a LEGISLACION  |2 CL-VaPUC  |9 386056 
650 0 |a Código civil  |9 256135 
650 0 |a Derecho romano  |9 255930 
650 0 |a Deudor y acreedor  |9 256643 
651 7 |a CHILE  |2 CL-VaPUC  |9 386057 
583 |a last modification  |c 19970515 00:00:00  |k Rodrigo Vera 
999 |c 259593  |d 259591 
952 |0 0  |1 0  |4 0  |6 346_022000000000000_CAR_1935  |7 0  |8 X  |9 284610  |a BIBDER  |b BIBDER  |d 2019-11-19  |i 1849484  |o 346.022 CAR 1935  |p 1849484  |r 2023-01-25  |w 2019-11-19  |y BK_X  |k DER